[Event "IND-ch Blitz"]
[Site "Nashik"]
[Date "2024.03.07"]
[Round "3"]
[White "Mitrabha, Guha"]
[Black "Srihari, Lakshmi"]
[Result "1-0"]
[WhiteElo "2534"]
[BlackElo "2199"]
[PlyCount "75"]
[EventDate "2024.03.07"]
[EventType "swiss (blitz)"]
[EventRounds "11"]
[EventCountry "IND"]
[SourceTitle "CB11_2024"]
[SourceDate "2024.03.13"]
[SourceVersion "1"]
[SourceVersionDate "2024.03.13"]
[SourceQuality "1"]

1. c4 Nf6 2. g3 g6 3. Bg2 Bg7 4. Nc3 0-0 5. d4 d6 6. e3 Nbd7 7. Nge2 e5 8. b3 Re8 9. Bb2 c6 10. Qc2 exd4 11. Nxd4 Nc5 12. 0-0 a5 13. Rad1 Bg4 14. Rd2 Qe7 15. h3 Bd7 16. Re1 Nfe4 17. Nxe4 Nxe4 18. Rdd1 a4 19. b4 a3 20. Ba1 c5 21. bxc5 dxc5 22. Nb3 Bc6 23. Bxg7 Kxg7 24. h4 Qe5 25. Rc1 Rad8 26. Re2 b6 27. Nd2 f5 28. Nxe4 fxe4 29. Qb3 Rd3 30. Qxb6 Re6 31. Rb1 Red6 32. Kh2 h6 33. Qc7+ Bd7 34. Bh3 Qf6 35. Rb7 Rd2 36. Bxd7 Rxe2 37. Be6+ Kf8 38. Rb8+ 1-0

[Event "IND-ch Blitz"]
[Site "Nashik"]
[Date "2024.03.07"]
[Round "11"]
[White "Vaz, Ethan"]
[Black "Srihari, Lakshmi"]
[Result "1-0"]
[WhiteElo "2323"]
[BlackElo "2199"]
[PlyCount "86"]
[EventDate "2024.03.07"]
[EventType "swiss (blitz)"]
[EventRounds "11"]
[EventCountry "IND"]
[SourceTitle "CB11_2024"]
[SourceDate "2024.03.13"]
[SourceVersion "1"]
[SourceVersionDate "2024.03.13"]
[SourceQuality "1"]

1. e4 c5 2. c3 d5 3. exd5 Qxd5 4. d4 Nc6 5. Nf3 Bg4 6. dxc5 Qxd1+ 7. Kxd1 0-0-0+ 8. Nbd2 e5 9. b4 f6 10. h3 Be6 11. Kc2 Nge7 12. Bc4 Nd5 13. Kb2 Bf5 14. Nb3 Be4 15. Re1 Bg6 16. Bd2 Bf7 17. Rad1 Rd7 18. Bc1 Be7 19. Rd2 Rhd8 20. Red1 e4 21. Nfd4 Ne5 22. Bb5 Rc7 23. Re1 a6 24. Bf1 b6 25. Bxa6+ Kb8 26. c6 Nxc6 27. Rxe4 Ne5 28. f4 Nxc3 29. Re1 Na4+ 30. Ka1 Bxb4 31. fxe5 Bc3+ 32. Kb1 Bg6+ 33. Nc2 Bxd2 34. Bxd2 Rxc2 35. Ka1 Rdxd2 36. Nxd2 Rxd2 37. e6 Nc3 38. Bc4 Rd4 39. Bb3 Re4 40. Rc1 Nb5 41. Rc6 Kb7 42. Bd5 Re1+ 43. Rc1+ Ka6 1-0

[Event "Tamil Nadu IM 17th"]
[Site "Karaikudi"]
[Date "2024.02.11"]
[Round "9"]
[White "Lokesh, N1."]
[Black "Srihari, Lakshmi"]
[Result "1/2-1/2"]
[WhiteElo "2217"]
[BlackElo "2360"]
[PlyCount "96"]
[EventDate "2024.02.06"]
[EventType "tourn"]
[EventRounds "9"]
[EventCountry "IND"]
[SourceTitle "CB07_2024"]
[SourceDate "2024.02.14"]
[SourceVersion "1"]
[SourceVersionDate "2024.02.14"]
[SourceQuality "1"]

1. e4 c5 2. Nf3 d6 3. d4 cxd4 4. Nxd4 Nf6 5. Nc3 Nc6 6. Be3 Ng4 7. Bg5 Qb6 8. Bb5 e5 9. Nd5 Qxd4 10. Qxd4 exd4 11. Nc7+ Kd7 12. Nxa8 h6 13. Bh4 g5 14. Bg3 Bg7 15. 0-0-0 Be5 16. Rd2 b6 17. f3 Nf6 18. Bxe5 dxe5 19. c3 Bb7 20. cxd4 Kd6 21. dxe5+ Kxe5 22. Nxb6 axb6 23. Rhd1 Rc8 24. Rc2 Nd4 25. Rxc8 Bxc8 26. Bc4 g4 27. Rd3 Nh5 28. Bxf7 Nf4 29. Ra3 Nxg2 30. fxg4 Kxe4 31. Rh3 Bxg4 32. Rxh6 b5 33. Kd2 Ne3 34. h4 Nf3+ 35. Kc3 Nd1+ 36. Kc2 Ne3+ 37. Kb3 Ne5 38. Be6 Be2 39. Kb4 Kd4 40. Bb3 Nf5 41. Rf6 Ne7 42. Rd6+ Ke4 43. Bc2+ Kf4 44. Rf6+ Ke3 45. Bb3 N7c6+ 46. Kc5 Nd7+ 47. Kxc6 Nxf6 48. a4 bxa4 1/2-1/2

[Event "Bangalore op 1st"]
[Site "Bangalore"]
[Date "2024.01.26"]
[Round "10"]
[White "Majumder, Shrayan"]
[Black "Srihari, Lakshmi"]
[Result "1-0"]
[WhiteElo "1916"]
[BlackElo "2288"]
[PlyCount "88"]
[EventDate "2024.01.18"]
[EventType "swiss"]
[EventRounds "10"]
[EventCountry "IND"]
[SourceTitle "CB05_2024"]
[SourceDate "2024.01.31"]
[SourceVersion "1"]
[SourceVersionDate "2024.01.31"]
[SourceQuality "1"]

1. d4 Nf6 2. c4 e6 3. Nc3 Bb4 4. Qc2 0-0 5. e4 d5 6. e5 Ne4 7. Bd3 c5 8. Nf3 cxd4 9. Nxd4 Nd7 10. Bf4 Qh4 11. g3 Qh5 12. h4 g5 13. Be2 Qg6 14. h5 Qg7 15. h6 Qh8 16. f3 gxf4 17. gxf4 Nxe5 18. fxe4 Ng6 19. 0-0-0 Bxc3 20. Qxc3 dxe4 21. Qe3 e5 22. fxe5 Qxe5 23. Rh5 f5 24. Kb1 Be6 25. Nxe6 Qxe6 26. c5 Kh8 27. Rd6 Qe5 28. Qb3 Nf4 29. Rh2 Rg8 30. Bc4 Rg1+ 31. Rd1 Rxd1+ 32. Qxd1 e3 33. Qd7 Ng6 34. Qxb7 Rd8 35. a3 Ne7 36. c6 Qe4+ 37. Rc2 Rg8 38. Bd3 Qd5 39. Bc4 Qe4 40. Qd7 f4 41. c7 f3 42. Bxg8 e2 43. c8Q e1Q+ 44. Ka2 Qf4 1-0

[Event "Bangalore op 1st"]
[Site "Bangalore"]
[Date "2024.01.20"]
[Round "4"]
[White "Das, Sayantan"]
[Black "Srihari, Lakshmi"]
[Result "1/2-1/2"]
[WhiteElo "2514"]
[BlackElo "2288"]
[PlyCount "145"]
[EventDate "2024.01.18"]
[EventType "swiss"]
[EventRounds "10"]
[EventCountry "IND"]
[SourceTitle "CB05_2024"]
[SourceDate "2024.01.31"]
[SourceVersion "1"]
[SourceVersionDate "2024.01.31"]
[SourceQuality "1"]

1. Nf3 Nf6 2. c4 g6 3. g3 Bg7 4. Bg2 0-0 5. 0-0 d6 6. Nc3 e5 7. d3 Nc6 8. Rb1 a6 9. b4 h6 10. h3 Be6 11. e4 Qd7 12. Kh2 b5 13. cxb5 axb5 14. a3 Nd4 15. Nxd4 exd4 16. Nd5 Bxd5 17. exd5 h5 18. Bb2 Qf5 19. Rc1 Nxd5 20. Be4 Qe5 21. Qf3 c6 22. Rfe1 Rae8 23. Bxd5 Qxd5 24. Qxd5 cxd5 25. Kg2 Rxe1 26. Rxe1 Rc8 27. Rc1 Rxc1 28. Bxc1 Kf8 29. Kf3 Ke7 30. Ke2 Kd7 31. Kd1 Kc6 32. Kc2 Bf6 33. Kb3 Bd8 34. a4 bxa4+ 35. Kxa4 Bb6 36. Bg5 Bc7 37. Bf6 Bb6 38. h4 Bc7 39. Bxd4 Bd8 40. Be3 Bc7 41. f3 Bd8 42. Bd4 Bc7 43. Bf6 Bb6 44. Be7 Bf2 45. Ka5 Be1 46. Bf6 Kb7 47. g4 Kc6 48. gxh5 gxh5 49. Be7 Kd7 50. Bg5 Kc6 51. Bf6 Bd2 52. Bd4 Be1 53. Be3 Kb7 54. Bg5 Kc6 55. Bf6 Bd2 56. Ka4 Be1 57. Bg5 Kb6 58. b5 Kb7 59. Bd8 Kc8 60. Be7 Kc7 61. Bg5 Kb7 62. Bf6 Kc7 63. f4 Kb7 64. f5 Kc7 65. Be7 Bd2 66. Bg5 Be1 67. Bf6 Bd2 68. Bg5 Be1 69. Be7 Bd2 70. Bf6 Be1 71. Bg5 Kb7 72. Kb3 Kb6 73. Ka4 1/2-1/2

[Event "Rilton Cup 51st"]
[Site "Stockholm"]
[Date "2024.01.02"]
[Round "6"]
[White "Djurovic, Goran"]
[Black "Srihari, Lakshmi"]
[Result "1/2-1/2"]
[WhiteElo "2372"]
[BlackElo "2272"]
[PlyCount "56"]
[EventDate "2023.12.27"]
[EventType "swiss"]
[EventRounds "9"]
[EventCountry "SWE"]
[SourceTitle "CB02_2024"]
[SourceDate "2024.01.10"]
[SourceVersion "1"]
[SourceVersionDate "2024.01.10"]
[SourceQuality "1"]

1. d4 Nf6 2. c4 g6 3. Nc3 Bg7 4. e4 d6 5. h3 0-0 6. Be3 e5 7. d5 Na6 8. g4 Nc5 9. f3 a5 10. Qd2 c6 11. 0-0-0 cxd5 12. cxd5 a4 13. Kb1 Qb6 14. a3 Bd7 15. Nge2 Rfc8 16. Nc1 Qd8 17. Bd3 b5 18. N3a2 Nxd3 19. Nxd3 Rc4 20. Rc1 Rac8 21. Rxc4 Rxc4 22. Rc1 Rxc1+ 23. Kxc1 Ne8 24. Bg5 Qc7+ 25. Qc2 Qb6 26. Qf2 Qc7+ 27. Qc2 Qb6 28. Qf2 Qc7+ 1/2-1/2

[Event "Rilton Cup 51st"]
[Site "Stockholm"]
[Date "2023.12.28"]
[Round "2"]
[White "Gorshtein, Ido"]
[Black "Srihari, Lakshmi"]
[Result "1/2-1/2"]
[WhiteElo "2523"]
[BlackElo "2272"]
[PlyCount "99"]
[EventDate "2023.12.27"]
[EventType "swiss"]
[EventRounds "9"]
[EventCountry "SWE"]
[SourceTitle "CB02_2024"]
[SourceDate "2024.01.10"]
[SourceVersion "1"]
[SourceVersionDate "2024.01.10"]
[SourceQuality "1"]

1. d4 Nf6 2. c4 g6 3. Nc3 Bg7 4. e4 d6 5. h3 0-0 6. Be3 e5 7. d5 Na6 8. g4 Nc5 9. f3 a5 10. Nge2 c6 11. Qd2 a4 12. Ng3 h5 13. Bg5 h4 14. Nge2 Bd7 15. Nc1 cxd5 16. cxd5 Qa5 17. Nd3 a3 18. b4 Nxd3+ 19. Bxd3 Qxb4 20. Rb1 Qa5 21. Nb5 Bxb5 22. Rxb5 Qc7 23. Bxh4 Nh7 24. Ke2 f5 25. Rhb1 fxg4 26. hxg4 Qf7 27. Qe3 Rab8 28. g5 Rfc8 29. Be1 Rf8 30. R5b3 Qd7 31. Bd2 Rf7 32. Qa7 Qh3 33. Qxb8+ Rf8 34. Qxf8+ Bxf8 35. Kd1 Qg2 36. Rxa3 Nxg5 37. Be2 Nh3 38. Be3 Ng1 39. Rb2 Nxe2 40. Rxe2 Qxf3 41. Ra8 Qh1+ 42. Kd2 Kg7 43. Rc8 Qb1 44. Rf2 Qxa2+ 45. Ke1 Qb1+ 46. Ke2 Qb5+ 47. Kf3 Qd7 48. Rfc2 Qh3+ 49. Ke2 Qg2+ 50. Kd3 1/2-1/2

[Event "Tamil Nadu IM 4th"]
[Site "Chennai"]
[Date "2023.11.11"]
[Round "9"]
[White "Laddha, Shubh Jayesh"]
[Black "Srihari, Lakshmi"]
[Result "1/2-1/2"]
[WhiteElo "2373"]
[BlackElo "2225"]
[PlyCount "96"]
[EventDate "2023.11.06"]
[EventType "tourn"]
[EventRounds "9"]
[EventCountry "IND"]
[EventCategory "2"]
[SourceTitle "CB46_2023"]
[SourceDate "2023.11.15"]
[SourceVersion "1"]
[SourceVersionDate "2023.11.15"]
[SourceQuality "1"]

1. e4 c5 2. Nf3 d6 3. d4 cxd4 4. Nxd4 Nf6 5. Nc3 a6 6. h3 e6 7. g4 Be7 8. g5 Nfd7 9. Bg2 Qc7 10. h4 Nc6 11. f4 b5 12. Nxc6 Qxc6 13. Qd4 0-0 14. h5 Qc5 15. Qd3 b4 16. Ne2 Bb7 17. g6 Bf6 18. Be3 Qa5 19. Qb3 Nc5 20. Bxc5 Qxc5 21. 0-0-0 a5 22. Qg3 fxg6 23. hxg6 h6 24. Qg4 Qc4 25. b3 Qc8 26. Rxd6 a4 27. Qxe6+ Qxe6 28. Rxe6 axb3 29. cxb3 Rxa2 30. Kd1 Ba6 31. Rxa6 Rxa6 32. e5 Rd8+ 33. Ke1 Be7 34. Kf2 Bc5+ 35. Kg3 Rxg6+ 36. Kh2 Rd2 37. Bf3 Be3 38. Kh3 Rxe2 39. Bxe2 Bxf4 40. Bc4+ Kh8 41. e6 Rg3+ 42. Kh4 Rg5 43. Rd1 Re5 44. Rd8+ Kh7 45. Bd3+ g6 46. Rd7+ Kh8 47. Bxg6 Rxe6 48. Bd3 Bg5+ 1/2-1/2

[Event "Tamil Nadu IM 2nd"]
[Site "Chennai"]
[Date "2023.10.26"]
[Round "6"]
[White "Gochelashvili, David"]
[Black "Srihari, Lakshmi"]
[Result "1-0"]
[WhiteElo "2277"]
[BlackElo "2200"]
[PlyCount "137"]
[EventDate "2023.10.23"]
[EventType "tourn"]
[EventRounds "9"]
[EventCountry "IND"]
[SourceTitle "Mega2024 Update 01"]
[Source "Chessbase"]
[SourceDate "2023.11.12"]
[SourceVersion "1"]
[SourceVersionDate "2023.11.12"]
[SourceQuality "1"]

1. c4 Nf6 2. Nc3 g6 3. d4 Bg7 4. e4 d6 5. Nf3 0-0 6. Be2 e5 7. d5 a5 8. Bg5 Na6 9. Nd2 Bd7 10. g4 Qe8 11. h4 Kh8 12. h5 Ng8 13. Nf3 Bxg4 14. Nh4 Bxe2 15. Qxe2 Bf6 16. Nf3 Kg7 17. 0-0-0 Bxg5+ 18. Nxg5 Nf6 19. Rdg1 h6 20. Nf3 g5 21. Qe3 Nh7 22. Nh4 f6 23. Nf5+ Kh8 24. Nxh6 Nc5 25. Rg3 Qd7 26. Nf5 a4 27. Nb5 Ra5 28. Qe2 Ra6 29. Ra3 Rb6 30. h6 Rg8 31. Rg1 Ra6 32. Kc2 Rga8 33. Qg4 Rb6 34. Ng7 Qe7 35. Rd1 Nf8 36. Nh5 Nh7 37. Qf5 Qf7 38. Rh1 Rg8 39. b4 axb3+ 40. axb3 Na6 41. Ng7 Nb4+ 42. Kd2 Na6 43. Ke3 Nf8 44. Nh5 Nh7 45. Kf3 g4+ 46. Kg3 Nc5 47. b4 Na6 48. Ra4 Rg6 49. Ng7 Ng5 50. Rh4 Kh7 51. Ne6 Nxe4+ 52. Qxe4 f5 53. Qd3 Kh8 54. Kg2 f4 55. c5 Qf6 56. Rh5 e4 57. Qxe4 Rxb5 58. Nxf4 Rg8 59. h7 Rd8 60. Ng6+ Kg7 61. h8Q+ Rxh8 62. Nxh8 Qf3+ 63. Qxf3 gxf3+ 64. Kxf3 Nxb4 65. Rg5+ Kf6 66. Kg4 Nd3 67. Rf5+ Kg7 68. Rf7+ Kh6 69. Kf5 1-0

[Event "Tamil Nadu IM 2nd"]
[Site "Chennai"]
[Date "2023.10.24"]
[Round "4"]
[White "Ziatdinov, Raset"]
[Black "Srihari, Lakshmi"]
[Result "1-0"]
[WhiteElo "2081"]
[BlackElo "2200"]
[PlyCount "151"]
[EventDate "2023.10.23"]
[EventType "tourn"]
[EventRounds "9"]
[EventCountry "IND"]
[SourceTitle "Mega2024 Update 01"]
[Source "Chessbase"]
[SourceDate "2023.11.12"]
[SourceVersion "1"]
[SourceVersionDate "2023.11.12"]
[SourceQuality "1"]

1. e4 c5 2. Nf3 d6 3. d4 cxd4 4. Nxd4 Nf6 5. Nc3 Nc6 6. Bg5 e6 7. Qd2 a6 8. 0-0-0 Bd7 9. f4 Be7 10. Nf3 b5 11. Bxf6 gxf6 12. Kb1 Qb6 13. Bd3 0-0-0 14. Rhe1 Kb8 15. a4 b4 16. Nd5 exd5 17. exd5 Ne5 18. fxe5 dxe5 19. b3 Bc8 20. Bc4 Bc5 21. Re4 Rd6 22. Qe2 Rhd8 23. Rh4 Bf5 24. Rf1 Bg6 25. Nd2 Rxd5 26. Bxd5 Rxd5 27. Nc4 Qe6 28. Rd1 Bd4 29. g4 Rc5 30. Rh3 Qc6 31. Rg3 Be4 32. Re1 Bd5 33. Nb2 Rc3 34. Nd1 Rxg3 35. hxg3 Bf3 36. Qd2 Qb6 37. Qd3 Bxg4 38. Ne3 Be6 39. Nf5 Bxf5 40. Qxf5 Qc6 41. Qd3 h5 42. Rf1 Ka7 43. Qc4 Qxc4 44. bxc4 e4 45. Rf4 Kb6 46. Rxe4 Kc5 47. Rh4 Kxc4 48. Rxh5 Be5 49. Rh4+ Bd4 50. Rf4 Kc3 51. Rf3+ Kc4 52. g4 Kd5 53. Kc1 Ke4 54. Rf5 Be5 55. Kd2 Bc3+ 56. Ke2 Be5 57. Rf3 Kd4 58. Rb3 a5 59. Kf3 Kc4 60. Rd3 Bc3 61. Ke4 b3 62. cxb3+ Kxb3 63. Kd5 Kb4 64. Re3 Bd2 65. Re4+ Kc3 66. Rc4+ Kd3 67. Rc7 Ke3 68. Rxf7 Bc3 69. Kc4 Be5 70. Kb5 Kf4 71. Kxa5 Kxg4 72. Kb5 f5 73. Kc4 f4 74. Kd5 Bc3 75. Ke4 Bd2 76. Rg7+ 1-0

[Event "IND-ch U19"]
[Site "Ahmedabad"]
[Date "2023.09.24"]
[Round "7"]
[White "Srihari, Lakshmi"]
[Black "Adireddy, Arjun"]
[Result "0-1"]
[WhiteElo "2207"]
[BlackElo "2057"]
[PlyCount "112"]
[EventDate "2023.09.20"]
[EventType "swiss"]
[EventRounds "11"]
[EventCountry "IND"]
[SourceTitle "EXT 2024"]
[Source "ChessBase"]
[SourceDate "2023.10.10"]
[SourceVersion "1"]
[SourceVersionDate "2023.10.10"]
[SourceQuality "1"]

1. e4 c5 2. Nf3 e6 3. g3 Nc6 4. Bg2 d5 5. exd5 exd5 6. 0-0 Nf6 7. d4 c4 8. b3 cxb3 9. axb3 Be7 10. Ne5 0-0 11. Nc3 Bf5 12. Nxc6 bxc6 13. Ba3 a5 14. Bxe7 Qxe7 15. Na4 Nd7 16. c4 Be6 17. Rc1 Rfc8 18. Qc2 dxc4 19. bxc4 Qb4 20. Rfe1 Rab8 21. Re3 Qd6 22. Qd1 Rb4 23. d5 cxd5 24. cxd5 Rxc1 25. Qxc1 Rxa4 26. dxe6 fxe6 27. Qc8+ Kf7 28. Bc6 Ra1+ 29. Kg2 Ne5 30. Be8+ Kf6 31. Kh3 Ra2 32. Qb7 Rxf2 33. Rxe5 Kxe5 34. Qxg7+ Rf6 35. g4 h6 36. Kh4 Qd8 37. Bg6 Kf4 38. Qxh6+ Kf3 39. Kh5 Rf4 40. Qg7 Qd5+ 41. g5 Kg2 42. Qb2+ Kh3 43. Kh6 Rh4+ 44. Kg7 Qxg5 45. Qc3+ Kxh2 46. Qc2+ Qg2 47. Qc7+ Qg3 48. Qxa5 e5 49. Qd2+ Kh3 50. Kf6 Rf4+ 51. Bf5+ Kh4 52. Ke6 Qg8+ 53. Kxe5 Qb8+ 54. Ke6 Qe8+ 55. Kd6 Qf8+ 56. Kc6 Qxf5 0-1

[Event "Asia-ch Blitz U20"]
[Site "Jamshedpur"]
[Date "2023.09.15"]
[Round "8"]
[White "Srihari, Lakshmi"]
[Black "Alekhya, Mukhopadhyay"]
[Result "1/2-1/2"]
[WhiteElo "2292"]
[BlackElo "1899"]
[PlyCount "110"]
[EventDate "2023.09.15"]
[EventType "swiss (blitz)"]
[EventRounds "9"]
[EventCountry "IND"]
[SourceTitle "EXT 2024"]
[Source "ChessBase"]
[SourceDate "2023.10.10"]
[SourceVersion "1"]
[SourceVersionDate "2023.10.10"]
[SourceQuality "1"]

1. e4 c5 2. Nf3 e6 3. d4 cxd4 4. Nxd4 Nc6 5. Nc3 Qc7 6. a3 a6 7. Be3 b5 8. Be2 Bb7 9. 0-0 Nf6 10. Nxc6 Bxc6 11. Bd3 d6 12. f4 Qb7 13. e5 dxe5 14. fxe5 Nd7 15. Qh5 g6 16. Qg5 Bg7 17. Bf4 0-0 18. h4 b4 19. axb4 Qxb4 20. h5 Qxb2 21. Ne2 Bxe5 22. Rab1 Bxf4 23. Nxf4 Qe5 24. Qg3 Nc5 25. hxg6 fxg6 26. Rbe1 Qd4+ 27. Kh2 Nxd3 28. cxd3 Rf5 29. Nh3 Raf8 30. Rxf5 exf5 31. Re7 f4 32. Qg4 Qd6 33. Re6 Qd7 34. Ng5 f3 35. gxf3 Qc7+ 36. Kg2 Bd7 37. Nxh7 Bxe6 38. Qxg6+ Qg7 39. Nxf8 Kxf8 40. Qxg7+ Kxg7 41. Kf2 a5 42. Ke2 a4 43. Kd2 a3 44. Kc1 Ba2 45. Kc2 Kf6 46. Kc3 Bd5 47. Kc2 Ba2 48. Kc3 Bb1 49. Kb3 a2 50. Kb2 Kf5 51. d4 Kf4 52. Ka1 Kxf3 53. d5 Bf5 54. d6 Ke4 55. Kxa2 Ke5 1/2-1/2

[Event "Asia-ch Blitz U20"]
[Site "Jamshedpur"]
[Date "2023.09.15"]
[Round "9"]
[White "Vivaan, Vishal Shah"]
[Black "Srihari, Lakshmi"]
[Result "0-1"]
[WhiteElo "1867"]
[BlackElo "2292"]
[PlyCount "50"]
[EventDate "2023.09.15"]
[EventType "swiss (blitz)"]
[EventRounds "9"]
[EventCountry "IND"]
[SourceTitle "EXT 2024"]
[Source "ChessBase"]
[SourceDate "2023.10.10"]
[SourceVersion "1"]
[SourceVersionDate "2023.10.10"]
[SourceQuality "1"]

1. e4 c5 2. Nf3 d6 3. d4 cxd4 4. Nxd4 Nf6 5. Nc3 g6 6. Be3 Nc6 7. f3 h5 8. Qd2 Nxd4 9. Bxd4 Bh6 10. Be3 Bxe3 11. Qxe3 Be6 12. 0-0-0 Qa5 13. Bb5+ Kf8 14. Kb1 Rc8 15. Be2 Rxc3 16. Qxc3 Qxa2+ 17. Kc1 Kg7 18. Qa3 Qxa3 19. bxa3 Rc8 20. Kb2 Nd7 21. Rd4 b5 22. a4 Bc4 23. Bxc4 bxc4 24. Kc3 Nc5 25. Rxc4 Nxa4+ 0-1

[Event "Asia-ch U20"]
[Site "Jamshedpur"]
[Date "2023.09.12"]
[Round "5"]
[White "Srihari, Lakshmi"]
[Black "Manish, Anto Cristiano F"]
[Result "0-1"]
[WhiteElo "2207"]
[BlackElo "2372"]
[PlyCount "132"]
[EventDate "2023.09.09"]
[EventType "swiss"]
[EventRounds "9"]
[EventCountry "IND"]
[SourceTitle "EXT 2024"]
[Source "ChessBase"]
[SourceDate "2023.10.10"]
[SourceVersion "1"]
[SourceVersionDate "2023.10.10"]
[SourceQuality "1"]

1. e4 c5 2. Nf3 d6 3. d4 cxd4 4. Nxd4 Nf6 5. Nc3 Nc6 6. Bg5 e6 7. Qd2 a6 8. 0-0-0 Bd7 9. f3 Nxd4 10. Qxd4 Be7 11. Kb1 Qc7 12. h4 b5 13. Qd2 b4 14. Ne2 a5 15. g4 a4 16. c4 bxc3 17. Nxc3 Rb8 18. Rc1 Qb7 19. Be3 0-0 20. g5 Nh5 21. Bh3 Rfc8 22. Bg4 g6 23. Bxh5 gxh5 24. Bd4 Qb4 25. Bf6 Bf8 26. Rhd1 Bc6 27. Ne2 d5 28. Bc3 Qb6 29. Qf4 Bg7 30. Bxg7 Kxg7 31. Qf6+ Kg8 32. Nf4 d4 33. Qxd4 Bxe4+ 34. fxe4 Rxc1+ 35. Kxc1 Qc7+ 36. Kb1 Qxf4 37. Qxa4 Qxh4 38. Qd4 Qg3 39. Qd6 Qxd6 40. Rxd6 Rb4 41. b3 h4 42. Rd3 Rxe4 43. a4 Kg7 44. Kb2 Rg4 45. a5 Rg3 46. Rd1 h3 47. a6 h2 48. Rh1 Rd3 49. Ra1 Rd2+ 50. Kc3 Ra2 51. Rxa2 h1Q 52. a7 Qf3+ 53. Kc2 Qg2+ 54. Kb1 Qa8 55. Kc2 Kf8 56. Kc3 Ke7 57. Kc4 Kd6 58. Kb5 Kc7 59. Ra6 e5 60. b4 e4 61. Kc4 Kb7 62. b5 Qc8+ 63. Rc6 Qe8 64. Ra6 Ka8 65. b6 Qc6+ 66. Kd4 Qb5 0-1

[Event "Asia-ch U20"]
[Site "Jamshedpur"]
[Date "2023.09.10"]
[Round "2"]
[White "Kushagra, Mohan"]
[Black "Srihari, Lakshmi"]
[Result "1-0"]
[WhiteElo "2410"]
[BlackElo "2207"]
[PlyCount "113"]
[EventDate "2023.09.09"]
[EventType "swiss"]
[EventRounds "9"]
[EventCountry "IND"]
[SourceTitle "EXT 2024"]
[Source "ChessBase"]
[SourceDate "2023.10.10"]
[SourceVersion "1"]
[SourceVersionDate "2023.10.10"]
[SourceQuality "1"]

1. e4 c5 2. Nf3 d6 3. d4 cxd4 4. Nxd4 Nf6 5. Nc3 Nc6 6. Bg5 e6 7. Qd2 a6 8. 0-0-0 Bd7 9. f4 Be7 10. Nf3 b5 11. Bxf6 gxf6 12. f5 Qb6 13. Kb1 0-0-0 14. Ne2 Kb8 15. Nf4 Bc8 16. Bd3 Na5 17. c3 d5 18. Qe2 dxe4 19. Bxe4 exf5 20. Bc2 Bd6 21. Nd5 Qc6 22. Ne7 Qe8 23. Rhe1 Qxe7 24. Qxe7 Bxe7 25. Rxe7 Rxd1+ 26. Bxd1 Rg8 27. g3 f4 28. gxf4 Rg2 29. Nd4 Bb7 30. Nb3 Nxb3 31. Rxb7+ Kxb7 32. Bf3+ Kc7 33. Bxg2 Nc5 34. b4 Ne6 35. f5 Nf4 36. Be4 Kd6 37. Kc2 Nd5 38. Kb3 Nc7 39. Bb7 Ke5 40. Bc8 Kd5 41. Bb7+ Ke5 42. c4 Kxf5 43. a4 bxa4+ 44. Kxa4 Ke5 45. Ka5 Kd4 46. c5 Ne6 47. c6 Ke5 48. Kb6 Kd6 49. Bxa6 f5 50. Bc4 Nc7 51. b5 f4 52. Kb7 f3 53. b6 Ne8 54. c7 Ke5 55. c8Q Nd6+ 56. Kb8 Nxc8 57. Kxc8 1-0

[Event "Asia-ch Rapid U20"]
[Site "Jamshedpur"]
[Date "2023.09.08"]
[Round "3"]
[White "Rohit, Krishna S"]
[Black "Srihari, Lakshmi"]
[Result "0-1"]
[WhiteElo "2270"]
[BlackElo "2173"]
[PlyCount "82"]
[EventDate "2023.09.08"]
[EventType "swiss (rapid)"]
[EventRounds "9"]
[EventCountry "IND"]
[SourceTitle "EXT 2024"]
[Source "ChessBase"]
[SourceDate "2023.10.10"]
[SourceVersion "1"]
[SourceVersionDate "2023.10.10"]
[SourceQuality "1"]

1. Nf3 Nf6 2. g3 g6 3. Bg2 Bg7 4. 0-0 0-0 5. d4 d6 6. c4 Nbd7 7. Nc3 e5 8. e4 exd4 9. Nxd4 Nc5 10. h3 Re8 11. Re1 a5 12. Bf4 h6 13. Qc2 Bd7 14. Rad1 Qc8 15. Kh2 a4 16. b4 axb3 17. axb3 Ra3 18. b4 Ne6 19. Nxe6 Rxc3 20. Qxc3 Ng4+ 21. hxg4 Bxc3 22. Re3 Bxb4 23. Nd4 g5 24. Nf5 gxf4 25. gxf4 Bxf5 26. gxf5 Qd8 27. Rh3 Qf6 28. Rh5 Kh7 29. Rd3 Rg8 30. Rdh3 Rg4 31. e5 dxe5 32. Be4 Rxf4 33. f3 Rxe4 34. fxe4 Bd2 35. Rd3 Bf4+ 36. Kg2 Qc6 37. Rd5 Qxc4 38. Rd7 Qe2+ 39. Kg1 Be3+ 40. Kh1 Qf1+ 41. Kh2 Bf4# 0-1